| 000 | 00554nam a22001817a 4500 | ||
|---|---|---|---|
| 999 |
_c17071 _d17071 |
||
| 003 | AR-CdUCM | ||
| 008 | 190507b ||||| |||| 00| 0 spa d | ||
| 040 |
_aMUNICIPALIDAD PROVINCIAL DEL CUSCO _cBIBLIOTECA MUNICIPAL DEL CUSCO |
||
| 082 |
_a868.6 / _bM14 |
||
| 100 |
_aMadariaga, Salvador de. _936896 |
||
| 245 | _aEl semental negro / | ||
| 260 |
_aBuenos Aires : _bSudamericana, _c1961. |
||
| 300 |
_a354 páginas ; _c19 cm. |
||
| 440 |
_aColección Horizonte. _914516 |
||
| 650 |
_aSemental. _936897 |
||
| 942 |
_2ddc _cLIBROS |
||
| 945 |
_arum _d2019-05-07 |
||